000 00749nam a2200253Ia 4500
003 OSt
005 20220925214942.0
006 a|||||r|||| 00| 0
007 ta
008 220923b |||||||| |||| 00| 0 eng d
020 _a0566004887
037 _cGeneral Book
040 _aRTL
_cRTL
_beng
041 _2eng
_aeng
082 _aX9:8:(D6,9(B), M3
100 _aBuchanan David A
_9269771
245 0 _aOrganizations in the computer age
_b Technological
260 _aLondon
_bGower U K
_c1983
300 _axii,279p. Bib p. 261-65
_ccm.
650 _aIndustrial Management
700 _a Boddy David
_9127649
942 _hX9:8:(D6,9(B), M3
_cGB
_2CC
999 _c567339
_d567339